Statistiche per Soprannomi delle città italiane

Clicka qui per fare il quiz!

Statistiche generali

  • Questo quiz è stato fatto 287 volte
  • Il punteggio medio è 16 su 50

Statistiche sulle risposte

EpitetoCittà% Corretto
La città eterna / L'Urbe / Caput mundiRoma
99%
La serenissima / La dominante / La regina dell'AdriaticoVenezia
92%
La possente / La capitale della modaMilano
82%
La gentile / La culla del RinascimentoFirenze
80%
La dotta / La rossa / La grassaBologna
79%
La scaligera / La città degli innamoratiVerona
74%
La città dei SassiMatera
70%
La porta della SiciliaMessina
67%
La superbaGenova
54%
La leonessa d'ItaliaBrescia
50%
La città delle bicicletteFerrara
49%
La città dei templiAgrigento
46%
La Milano del SudCatania
46%
La città dei fioriSanremo
46%
La valorosa / La città magica / La regaleTorino
46%
La mitteleuropea / La città dei caffèTrieste
43%
La città dei Bruzi / L'Atene della CalabriaCosenza
42%
La città delle 500 cupoleNapoli
39%
La città dei due mariTaranto
37%
La città del TricoloreReggio Emilia
36%
La città larianaComo
35%
La città d'annunzianaPescara
35%
La città del LevanteBari
34%
La Firenze del SudLecce
34%
La città del PalladioVicenza
33%
La città biancaOstuni
29%
La città del Santo / La città dei tre senzaPadova
27%
La città dei MilleBergamo
20%
La città dei papiAnagni
16%
La città doricaAncona
16%
La città delle tre TCremona
15%
La Stalingrado d'ItaliaSesto San Giovanni
15%
La città verticale / La città delle 100 scalePotenza
14%
La splendidaPalermo
12%
La città giardino / La Nizza austriacaGorizia
11%
La gloriosaPisa
11%
La città dei 3 campanili / La federicianaAndria
10%
La primogenita d'ItaliaPiacenza
9%
La città dei tre colliCatanzaro
8%
La Napoli del NordChioggia
8%
La porta di SionLa Spezia
7%
Seconda Roma / La città delle 100 torriPavia
7%
La città dei sette assediCuneo
6%
La vetustaPerugia
6%
La città dei tre papiCesena
5%
La città della mela annurca / La città della fiabaGiugliano in Campania
5%
La città dei pontiRagusa
5%
La città del ferroLecco
4%
La città dipintaTreviso
3%
La panteraLucca
2%

Distribuzione punteggi

Percentile per numero di risposta

Percentuale di utenti per punteggio

I tuoi punteggi nel tempo

Non hai fatto questo quiz